| 000 | 00602nam a2200193Ia 4500 | ||
|---|---|---|---|
| 003 | IN-BaIIA | ||
| 008 | 211028s9999 xx 000 0 eng d | ||
| 020 | _a0-19-850370-9 | ||
| 040 | _cIIA Library | ||
| 080 |
_a524.882 _bCHA |
||
| 100 |
_aChandrasekhar, S _91248 |
||
| 245 | 4 |
_aThe mathematical theory of black holes _cS. Chandrasekhar |
|
| 260 |
_aOxford _bOxford University Press _c1992 |
||
| 300 | _axxi, 646p. | ||
| 490 | _aOxford classic texts in the physical sciences | ||
| 650 |
_aBlack holes _97728 |
||
| 650 | _aMathematical theory | ||
| 942 | _cBK | ||
| 999 |
_c15584 _d15584 |
||